000
00257nam a22001097a 4500
082
_a
629.8323 BAE'P
100
_a
BAECK, HENRY S
_9
77189
245
_a
PRACTICAL SERVOMECHANISM DESIGN
260
_a
NEWYORK
_b
MCGRAW HILL
_c
1968
300
_a
380P
942
_c
BK
999
_c
582502
_d
582502